La Fiesta provincial del ajedrez exclusiva de Barcelona / por Antonio F. Argüelles
Publicado:
San Jorge, núm. 88 (4t trimestre 1972), pàg 49 - 55 :
MARC
| LEADER | 00000nam a2200000Ia 4500 | ||
|---|---|---|---|
| 001 | |||
| 008 | 160829s9999 xx 000 0 cat d | ||
| 100 | |a Argüelles, Antonio |9 29714 | ||
| 245 | |a La Fiesta provincial del ajedrez exclusiva de Barcelona / por Antonio F. Argüelles | ||
| 260 | |a San Jorge, núm. 88 (4t trimestre 1972), pàg 49 - 55 | ||
| 600 | 1 | 0 | |a Buxó de Abaigar, Joaquín, |c marqués de Castell-Florite, |d 1905-1979 |9 54201 |
| 650 | |a Escacs |x Torneigs |x Barcelona |9 41985 | ||
| 650 | |a Festa de l'escacs |9 41986 | ||
| 901 | |a Arxiu | ||
| 942 | |n 1 | ||
| 952 | |0 0 |1 0 |4 0 |7 1 |9 50591 |a Arxiu |b Arxiu |d 2016-12-01 |l 0 |r 2016-12-01 00:00:00 |w 2016-12-01 |y ARXIU | ||
| 999 | |c 54433 |d 54433 | ||